Pilotes de F1 par images (2020-2026) - Statistiques

Statistiques générales
  • Ce quiz a été pris 157 fois
  • Le résultat moyen est 31 sur 40
Statistiques - réponses
Par images Réponse % Correct
Lewis Hamilton
95%
Charles Leclerc
94%
Fernando Alonso
94%
Pierre Gasly
94%
Max Verstappen
93%
Isack Hadjar
92%
Kimi Antonelli
91%
Lando Norris
91%
Alex Albon
90%
Carlos Sainz
90%
Esteban Ocon
90%
Oscar Piastri
90%
Valtteri Bottas
90%
Nico Hulkenberg
87%
George Russell
86%
Sergio Perez
85%
Yuki Tsunoda
85%
Lance Stroll
84%
Sebastian Vettel
84%
Daniel Ricciardo
82%
Franco Colapinto
82%
Gabriel Bortoleto
82%
Liam Lawson
82%
Romain Grosjean
82%
Ollie Bearman
81%
Guanyu Zhou
79%
Kevin Magnussen
77%
Kimi Raïkkönen
71%
Jack Doohan
70%
Mick Schumacher
67%
Nicholas Latifi
64%
Logan Sargeant
60%
Arvid Lindblad
59%
Nikita Mazepin
58%
Nyck De Vries
57%
Antonio Giovinazzi
50%
Daniil Kvyat
50%
Robert Kubica
46%
Jack Aitken
23%
Pietro Fittipaldi
21%
Aucun quiz correspondant
Distribution des résultats
% des personnes avec chaque résultat
Percentile par nombre de réponses
Votre historique - résultats
Vous n’avez pas pris ce quiz